53 Principales Verbos Irregulares en Ingles (T) - Estadísticas

Estadísticas generales
  • Esta prueba ha sido intentada 399 veces
  • La puntuación promedio es 41 de 53
Estadísticas de respuestas
Verbo Verb Present % Correcto
ser be
98%
beber drink
95%
comer eat
95%
ir go
95%
comprar buy
94%
volar fly
92%
ver see
92%
correr run
91%
cantar sing
91%
conducir drive
90%
leer read
90%
dormir sleep
90%
hacer do
89%
tener have
89%
escribir write
88%
saber know
87%
nadar swim
87%
venir come
86%
pagar pay
85%
decir say
85%
ganar win
85%
poner put
84%
poder can
83%
sentir feel
83%
enviar send
83%
romper break
82%
construir build
82%
dar give
82%
pensar think
82%
olvidar forget
80%
sentar sit
80%
enseñar teach
79%
caer fall
78%
perder lose
77%
despertar wake
75%
hablar speak
74%
tomar take
74%
costar cost
73%
oir hear
72%
gastar spend
71%
encontrar find
70%
fabricar make
70%
entender understand
69%
traer bring
68%
convertirse become
66%
iniciar begin
63%
vestir wear
58%
dejar leave
53%
decir tell
53%
coger catch
52%
conseguir get
50%
reunir meet
42%
parar stand
19%
No se encontraron pruebas coincidentes
Distribución de puntuación
Porcentaje de gente con cada puntuación
Porcentaje por número respondido
Historial de tus puntuaciones
No has intentado esta prueba.